000 00413nam a2200169Ia 4500
008 131103s9999 xx 000 0 und d
040 _aLoreto College
041 _aEnglish
082 _a920/BAX
_bLCLIB
100 _aBax, Arnold
245 _aFarawell my youth
_cArnold Bax
260 _aLondon
_bLongmans
_c1949
300 _a112p.
_c 21cm.
650 _aBiography
850 _aLCLIB/920/BAX
942 _cBK
999 _c24957
_d75436